000 00780nas a2200253 4500
001 BR9501535
003 BR-BrBNA
005 20231205094310.0
007 ta
008 230509b bl.|||p| |||| 00| 00por d
040 _aBR-BrBNA
_bpor
_cBiblioteca Nacional de Agricultura
041 _a(En)
072 _aH20
100 1 _aSouza-Dias, J.A.C. de
100 1 _aGazotto, M.C.
100 1 _aCosta, A.S.
245 1 _aNodal cuttings from "duvira" potatoes with secondary leaf roll infection can originate virus free plantlets
650 _aBatata
650 _aEnrolamento
650 _aVirus
773 0 _tFitopatologia Brasileira (Brazil)
_xISSN 0100-4158
_g(Sep 1991), v. 16(3) p. 188-190
_wBR9501535
909 _a202311
_bLúcia
_c55
_dLúcia Elande
942 _2AGRIS
_n0
_cANA
999 _c143408
_d143408